Drain brains (Record no. 70010)
[ view plain ]
| 000 -LEADER | |
|---|---|
| fixed length control field | 01245cam a2200253 4500 |
| 001 - CONTROL NUMBER | |
| control field | ABS65312 |
| 008 - FIXED-LENGTH DATA ELEMENTS--GENERAL INFORMATION | |
| fixed length control field | 020418n2002 000 0 eng u |
| 035 ## - SYSTEM CONTROL NUMBER | |
| System control number | (Sirsi) u117567 |
| 100 ## - MAIN ENTRY--PERSONAL NAME | |
| Personal name | Mylius, A |
| 245 ## - TITLE STATEMENT | |
| Title | Drain brains |
| 260 ## - PUBLICATION, DISTRIBUTION, ETC. | |
| Date of publication, distribution, etc. | 2002 |
| 490 ## - SERIES STATEMENT | |
| Series statement | New Civil Engineer |
| Volume/sequential designation | (1434) 21 March 2002, 19-22(4) |
| 520 ## - SUMMARY, ETC. | |
| Summary, etc. | As the frequency and severity of winter flooding increases, the UK needs to address its poor management of rainwater run-off. Article looks at the range of sustainable drainage solutions (SuDS) available including porous paving, detention basins, retention ponds, balancing ponds, constructed wetlands, swales, and infiltration trenches. Provides details of operating sustainable drainage schemes and compares the run off rates between SuDS and conventional drainage. Also illustrates the environmental benefits of SuDS such as reducing river pollution. Diagrams. Graph. |
| 590 ## - LOCAL NOTE (RLIN) | |
| Local note | ABS |
| 650 ## - SUBJECT ADDED ENTRY--TOPICAL TERM | |
| Topical term or geographic name entry element | SUSTAINABLE URBAN DRAINAGE SYSTEMS |
| 650 ## - SUBJECT ADDED ENTRY--TOPICAL TERM | |
| Topical term or geographic name entry element | DRAINAGE SYSTEMS |
| 650 ## - SUBJECT ADDED ENTRY--TOPICAL TERM | |
| Topical term or geographic name entry element | RAINWATER |
| 650 ## - SUBJECT ADDED ENTRY--TOPICAL TERM | |
| Topical term or geographic name entry element | FLOODING |
| 650 ## - SUBJECT ADDED ENTRY--TOPICAL TERM | |
| Topical term or geographic name entry element | SUSTAINABLE URBAN DRAINAGE SYSTEMS |
| 650 ## - SUBJECT ADDED ENTRY--TOPICAL TERM | |
| Topical term or geographic name entry element | POLLUTION |
| 650 ## - SUBJECT ADDED ENTRY--TOPICAL TERM | |
| Topical term or geographic name entry element | Environment |
| 9 (RLIN) | 6238 |
| 690 ## - LOCAL SUBJECT ADDED ENTRY--TOPICAL TERM (OCLC, RLIN) | |
| Topical term or geographic name as entry element | BUILT ENVIRONMENT-ENGINEERING-CIVIL ENGINEERING |
| 942 ## - ADDED ENTRY ELEMENTS (KOHA) | |
| Suppress in OPAC | 0 |
| Withdrawn status | Lost status | Source of classification or shelving scheme | Damaged status | Not for loan | Home library | Current library | Shelving location | Date acquired | Total Checkouts | Full call number | Barcode | Date last seen | Copy number | Price effective from | Koha item type |
|---|---|---|---|---|---|---|---|---|---|---|---|---|---|---|---|
| Dewey Decimal Classification | London | London | Journal article | 18/04/2002 | ABS65312 | 117567-1001 | 06/08/2019 | 1 | 06/08/2019 | Journal article |